000 00629nam a22001935i 4500
001 153575
003 ES-MaACL
005 20230906205306.0
008 050627s1876 fr | |||||||| ||fre d
040 _aCAM
_bspa
_cCAM
100 1 _aDu Puynode, Gustave.
_9126852
245 1 4 _aLes grandes crises financières de la France /
_cpar M. Gustave du Puynode.
260 _aParis :
_bGuillaumin et Cie.,
_c1876 (
_eCorbeil :
_fTyp. et stér. de Crété Fils)
300 _aXXVIII, 401 p.
650 4 _aEconomía-
_xCrisis financieras.
_9222072
852 _aES-MaACL
_jC-2666
_z-- Enc. hol.
999 _c153575
_d153575